Click Countries by Population #2 - Statistics

General Stats
  • This quiz has been taken 268 times
  • The average score is 11 of 16
Answer Stats
Hint Answer % Correct
1.44 bil India
99%
279 mil Indonesia
89%
144 mil Russia
84%
68.4 mil United Kingdom
79%
99.2 mil Vietnam
78%
51.8 mil South Korea
76%
40.5 mil Poland
71%
11.0 k Tuvalu
66%
377 k Iceland
63%
5.27 mil New Zealand
63%
19.6 mil Chile
58%
2.63 mil Namibia
57%
80.0 k Andorra
56%
940 k Fiji
50%
8.83 mil Switzerland
50%
30.7 mil Madagascar
45%
No matching quizzes found
Score Distribution
Percent of People with Each Score
Percentile by Number Answered
Your Score History
You have not taken this quiz